00495nam a2200181 a 4500001001300000003000900013005001700022008004100039020002200080082001400102100001900116245006400135260003800199300000800237500003500245650001400280700001900294nice12345678IN_TiNIC20260116014755.0090727s2008 newa grp 000 0 eng  a9788189524302c2000a301bDES1 aDesai, Meghnad aIndia and Chinab An Essay in Comparative Polotical Economy aNew Delhi bCritical Quest c2008 a32p aincludes index and biblioraphy aSociology1 aDesai, Meghnad